Music Quiz

Random Music or Rock Quiz

Random Classic Rock Trivia Quiz Stats

 Plays Quiz not verified by Sporcle

Challenge
Share
Tweet
Embed
Score 0/29 Timer 10:00
0 Plays Today
Question Answer % Correct
What well known Steppenwolf song did the term 'Heavy Metal' come from?Born to Be Wild
74.9%
Which Ramones song is this lyric from? 'Just get me to the airport. Put me on a plane. Hurry, hurry, hurry, before I go insane.'I Wanna Be Sedated
52.7%
Who was the first rock star to be arrested while on stage?Jim Morrison
52.2%
What are the names of the brothers from The Kinks?Ray Davies and Dave Davies
51.2%
Which Beatles song is this lyrics from? 'You know I work all day to get you money to buy you things.'A Hard Days Night
50.2%
What is Ringo Starr's real name? (first and last and name)Richard Starkey
48.8%
Who is the bassist for Moterhead? Lemmy Kilmister
46.9%
Which member of The Ramones had OCD?Joey Ramone
44%
Which Led Zeppelin song became their only song that ever reached the top ten in the US?Whole Lotta Love
41.5%
Which Fleetwood Mac song is this lyric from? 'All I want is to see you smile, if it takes just a little while.'Don't Stop
40.6%
What John Fogerty song is this lyric from?'I went down Virginia, seeking shelter from the storm.'Who''ll Stop the Rain
39.6%
Name the two people from Fleetwood Mac that have the same last nameJohn Mcvie and Christine McVie
39.1%
Which member of The Ramones can be heard counting ''One, two, three, four!'' in some of their songsDee Dee Ramone
35.7%
What was The Ramones first single?Blitzkrieg Bop
34.8%
What is the name of The Who's first album?My Generation
34.8%
Question Answer % Correct
Which Bob Dylan song did the Rolling Stones cover?Like a Rolling Stone
31.9%
Which song by The Doors features a seven mile long snake?The End
30.9%
What Trashmen song did The Ramones cover?Surfin' Bird
26.1%
Who do the Beatles ''Sing a song of love' for?Julia
24.2%
What is the original name of the Beatles ?Silver Beatles
23.7%
What is Stevie Nicks's first solo album?Bella Donna
21.7%
What was the name of Paul Mccartney's old Engilsh Sheepdog?Martha
20.3%
Which Beach Boys song is this lyric from? 'Early in the morning we'll be starting it out. Some honeys will be coming along.'Surfin' Safari
19.3%
What is John Lennon's aunt's first name?Mimi
17.9%
Which Pretenders song is this lyric from? 'Why you look so sad? Tears are in your eyes. Come on and come to me now.' I'll Stand by You
17.9%
Which Beatles song (though they denyed it) is about a brand of LSD?Strawberry Fields Forever
11.1%
Who said this quote? 'I won't be a rock star. I will be a legend.'Freddie Mercury
8.7%
Who originally did ''Twist and Shout'' before the Beatles covered it? Top Notes
4.8%
What is John Fogerty's middle name?Cameron
4.8%

You're not logged in!

Compare scores with friends on all Sporcle quizzes.
OR
Log In

You Might Also Like...

Show Comments

Extras

Created Mar 12, 2012ReportNominate
Tags:Rock Quiz, classic

Top Quizzes Today


Score Distribution

Your Account Isn't Verified!

In order to create a playlist on Sporcle, you need to verify the email address you used during registration. Go to your Sporcle Settings to finish the process.

Report this User

Report this user for behavior that violates our Community Guidelines.

Details: